000 00521nam a2200193Ia 4500
003 OSt
005 20220107122740.0
008 130318s9999 xx 000 0 und d
020 _a9788125904182
040 _cIIITM-K
082 _a519.5 CHA/S
100 _aChandran, Jit S
_94453
245 _aStatistics:
_bFor business and economics
_cby Jit S Chandran
260 _bVikas Publishing House,
_aNoida,
_c1998.
300 _axiii, 623p.
650 _aMATHEMATICS
_94454
650 _aSTATISTICS
_94455
942 _2ddc
_cBK
999 _c3937
_d3937